000 01258cam a22003255i 4500
001 3751432
003 EG-ScBUE
005 20250629094545.0
008 820921s1983 nyua f 000 0 eng d
020 _a0486632776
020 _a9780486632773
040 _aEG-ScBUE
_beng
_erda
_cEG-ScBUE
_dEG-ScBUE
082 0 4 _222
_a536.7
_bVAN
100 1 _aVan Ness, H. C.
_q(Hendrick C.),
_eauthor.
245 1 0 _aUnderstanding thermodynamics /
_cH. C. Van Ness, distinguished research professor of chemical engineering, Rensselaer Polytechnic Institute.
250 _aDover edition.
264 1 _aNew York :
_bDover Publications, Inc.,
_c1983.
300 _a103 pages :
_billustrations ;
_c21 cm.
336 _2rdacontent
_atext
_btxt
337 _aunmediated
_2rdamedia
_bn
338 _avolume
_bnc
_2rdacarrier
490 0 _aDover classics science and mathematics
500 _aOriginally published: New York : McGraw-Hall, 1969.
650 7 _aThermodynamics.
_2BUEsh
_91919
653 _bGGEN
_bENGGEN
_cMay2018
655 _vReading book
856 4 2 _3Publisher description
_uhttp://www.loc.gov/catdir/description/dover031/82018250.html
856 4 1 _3Table of contents only
_uhttp://www.loc.gov/catdir/enhancements/fy1318/82018250-t.html
942 _2ddc
_cBB
999 _c26728
_d26700